000 00883nam a22002777a 4500
001 3054
003 FISKH
005 20250820110657.0
008 240201b cb ||||| |||| 00| 0 eng d
020 _a9780439136662
040 _aFISKH
_beng
_cFISKH
_dFISKH
050 _aQA445.D63
082 _a516.15
100 _aDodds, Dayle Ann
245 _aThe shape of things /
_cby Dodds, Daylee Ann : illustrated by Lacome, Julie
250 _aFirst Scholastic printing , November 1999
260 _aNew York :
_bScholastic ,
_c1994
300 _a16 unnumbered pages :
_bcolor illustrations ;
_c23 cm .
505 _aE
520 _aIntroduction to shapes and items that are the shapes in the world around children.
521 8 _a200
_bLexile
521 8 _aE
_bRaz-Plus
600 _2shapes
_vfiction
700 _aLacome, Julie
_eillustrator
942 _2ddc
_cBK
_n0
999 _c3054
_d3054